The Book of Daniel: (Record no. 3608)

MARC details
000 -LEADER
fixed length control field 00608nam a22001937a 4500
003 - CONTROL NUMBER IDENTIFIER
control field GBCCL
005 - DATE AND TIME OF LATEST TRANSACTION
control field 20241126110458.0
008 - FIXED-LENGTH DATA ELEMENTS--GENERAL INFORMATION
fixed length control field 171130b xxu||||| |||| 00| 0 eng d
020 ## - INTERNATIONAL STANDARD BOOK NUMBER
International Standard Book Number 81-7475-051-7
040 ## - CATALOGING SOURCE
Transcribing agency gbc
082 ## - DEWEY DECIMAL CLASSIFICATION NUMBER
Classification number 224.507
Item number MEA
100 ## - MAIN ENTRY--PERSONAL NAME
Personal name Meadowcroft, Tim
9 (RLIN) 7179
245 ## - TITLE STATEMENT
Title The Book of Daniel:
Remainder of title A commentary on the New International Version /
Statement of responsibility, etc. Tim Meadowcroft & Nate Irwin
260 ## - PUBLICATION, DISTRIBUTION, ETC.
Place of publication, distribution, etc. Bangalore:
Name of publisher, distributor, etc. Theological Book Trust,
Date of publication, distribution, etc. 2007
300 ## - PHYSICAL DESCRIPTION
Extent 264p.;
Dimensions 22 cm.
440 ## - SERIES STATEMENT/ADDED ENTRY--TITLE
Title Asia Bible Commentary
9 (RLIN) 7182
650 ## - SUBJECT ADDED ENTRY--TOPICAL TERM
Topical term or geographic name entry element Bible.Old Testament.Daniel
Form subdivision Commentary
9 (RLIN) 7181
942 ## - ADDED ENTRY ELEMENTS (KOHA)
Source of classification or shelving scheme Dewey Decimal Classification
Koha item type Books
Koha issues (borrowed), all copies 20
Holdings
Withdrawn status Lost status Source of classification or shelving scheme Damaged status Not for loan Home library Current Library Shelving location Date acquired Total checkouts Total renewals Full call number Barcode Date last seen Date last checked out Copy number Price effective from Koha item type
    Dewey Decimal Classification     GRACE BIBLE COLLEGE GRACE BIBLE COLLEGE Biblical Studies 2017-11-30 20 4 224.507 MEA 010160 2025-05-01 2024-09-06 c.1 2017-11-30 Books
© Grace Bible College Library 2025